Puesta en marcha del toolbox de tiempo real de MATLAB para la implementación de un controlador PID para un proceso industrial

Gorde:
Xehetasun bibliografikoak
Egile nagusia: Garro Calvo, Michael
Formatua: Liburua
Argitaratua: 2001 San José, C.R.
Gaiak:
Etiketak: Etiketa erantsi
Etiketarik gabe, Izan zaitez lehena erregistro honi etiketa jartzen!

MARC

LEADER 00000nam a2200000Ia 4500
003 008715
005 20221231144119.0
008 140114s2001 cr a m 000 ||s d
040 |c cru CEDI  
090 |a TFG 5766 
100 |a Garro Calvo, Michael   |9 4488 
245 |a Puesta en marcha del toolbox de tiempo real de MATLAB para la implementación de un controlador PID para un proceso industrial 
260 |c  San José, C.R.  |b 2001 
300 |a  x,95 hojas  
500 |a Proyecto de graduación (bachillerato en ingeniería eléctrica)--Universidad de Costa Rica. Facultad de Ingeniería. Escuela de Ingeniería Eléctrica 
650 |x DISTRIBUCION DE ENERGIA ELECTRICA   |x  PROGRAMAS PARA COMPUTADORA   |x MATLAB (PROGRAMAS PARA COMPUTADORA)   |x CONTROLADORES LOGICOS PROGRAMABLES  |9 5465 
942 |c TFG 
999 |c 17102  |d 17102